00443nam a2200181 a 4500001001300000003000900013005001700022008004100039020001000080082001400090100001700104245001900121260003700140300000900177500003500186650002300221700001700244nice12345678IN_TiNIC20260116014839.0070807s2004 dela grp 000 0 eng  ac89500a297bSEL1 aSell, Edward aFaith of Islam aDelhibMittal Publication c2004 a466p aincludes index and biblioraphy aIslam-Meccan Trade1 aSell, Edward